| 000 | 00366nam a2200145Ia 4500 | ||
|---|---|---|---|
| 008 | 230917s9999||||xx |||||||||||||| ||und|| | ||
| 040 |
_e143512 _aMAIN |
||
| 041 | _aEnglish | ||
| 082 | _a954.03 G959B | ||
| 100 | _aGupat, Durga Prasad | ||
| 245 | 0 | _aBharat ka swatantrata szangram (1857-1947) | |
| 260 |
_aDelhi _bPetamber _c1980 |
||
| 300 | _a186p p. | ||
| 942 | _cBK | ||
| 999 |
_c68718 _d68718 |
||